Score 0/10 Timer 03:00
4 Plays Today
% Correct
Vodka
94.5%
Gin
86.1%
Whiskey
85.9%
Brandy
85.6%
Mezcal
82.8%
Amaretto
82.2%
Tap water
77%
Anisette
76.3%
Miller Lite
76.2%
Rum
72.1%
Remove Ads.
Support Sporcle.
Get the best of Sporcle when you Go Orange. This ad-free experience offers more features, more stats, and more fun while also helping to support Sporcle. Thank you for becoming a member.

You're not logged in!

Compare scores with friends on all Sporcle quizzes.
OR
Log In

Show Comments

Extras

Top Quizzes Today


Score Distribution

Your Account Isn't Verified!

In order to create a playlist on Sporcle, you need to verify the email address you used during registration. Go to your Sporcle Settings to finish the process.

Report this User

Report this user for behavior that violates our Community Guidelines.

Details: